Spokojnosť zamestnancov podporovaná benefitmi

Stimulácia a motivácia pracovníkov. Tvrdé a mäkké riadenie ľudských zdrojov. Najčastejšie uplatňované formy zamestnaneckých výhod. Výhody a nevýhody odmeňovania podľa výkonu. Benefity. Rozvoj a kariéra.

Salvato in:
Dettagli Bibliografici
Autore principale: Ondrušková, Otília
Altri autori: Chatrnúchová, Lucia, Sablik, Jozef
Natura: Capitolo di libro
Lingua:slovacco
Soggetti:
Tags: Aggiungi Tag
Nessun Tag, puoi essere il primo ad aggiungerne!!

MARC

LEADER 00000naa a2200000 4500
001 0141841
005 20231013084722.8
041 0 |a slo 
044 |a SK 
245 1 0 |a Spokojnosť zamestnancov podporovaná benefitmi  |c Otília Ondrušková, Lucia Chatrnúchová, Jozef Sablík 
520 |a Stimulácia a motivácia pracovníkov. Tvrdé a mäkké riadenie ľudských zdrojov. Najčastejšie uplatňované formy zamestnaneckých výhod. Výhody a nevýhody odmeňovania podľa výkonu. Benefity. Rozvoj a kariéra. 
610 2 0 |a riadenie ľudských zdrojov 
610 2 0 |a benefity 
610 2 0 |a manažment 
610 2 0 |a zamestnanci 
610 2 0 |a odmeňovanie 
610 2 0 |a motivácia 
610 2 0 |a spokojnosť v práci 
100 1 |a Ondrušková, Otília 
700 1 |a Chatrnúchová, Lucia 
700 1 |a Sablik, Jozef